000 00600cam a22002053a 4500
001 40058
003 PGUSA
005 20140828083907.0
008 120716s2012||||xxu|||||s|||||000 | eng d
040 _aPGUSA
_beng
042 _adc
100 1 _aCook, Edward Tyas,
_d1857-1919
245 1 4 _aThe Life of Florence Nightingale vol. 2 of 2
_h[electronic resource] /
_cEdward Tyas Cook
260 _bProject Gutenberg,
_c2012
506 _aPublic domain in the USA.
516 _aElectronic text
830 0 _aProject Gutenberg
_v40058
856 4 0 _uhttp://www.gutenberg.org/ebooks/40058
942 _cEB
999 _c269311
_d269311